[Event "URU-ch (Women)"]
[Site "Montevideo"]
[Date "2024.03.27"]
[Round "4"]
[White "Costa, Milagros"]
[Black "Silva Rosas, Natalia"]
[Result "1-0"]
[WhiteElo "1505"]
[BlackElo "1828"]
[PlyCount "105"]
[EventDate "2024.03.24"]
[EventType "tourn"]
[EventRounds "7"]
[EventCountry "URU"]
[SourceTitle "CB14_2024"]
[SourceDate "2024.04.01"]
[SourceVersion "1"]
[SourceVersionDate "2024.04.01"]
[SourceQuality "1"]

1. e4 c6 2. d4 g6 3. Nf3 Bg7 4. Nc3 d5 5. exd5 cxd5 6. g3 Bg4 7. Bg2 e6 8. Be3 Ne7 9. h3 Bxf3 10. Qxf3 Nf5 11. 0-0-0 Nc6 12. Ne2 Qa5 13. Kb1 Nb4 14. a3 Nc6 15. h4 h5 16. g4 Nxe3 17. fxe3 hxg4 18. Qxg4 Bh6 19. e4 Ne7 20. Rhf1 Bg7 21. Ng3 Rc8 22. h5 Qc7 23. Rf2 dxe4 24. hxg6 f5 25. Qg5 Rh6 26. Nh5 Kf8 27. Nf4 Qb6 28. Bxe4 Ke8 29. c3 fxe4 30. Re2 Rxc3 31. Rxe4 Rc6 32. Nd5 Nxd5 33. Qxd5 Rd6 34. Qf5 Qc7 35. Rxe6+ Kd8 36. Qg5+ Kc8 37. Qe3 Rxe6 38. Qxe6+ Qd7 39. Rc1+ Kd8 40. Qg8+ Ke7 41. Qxg7+ Kd8 42. Qxh6 Qf5+ 43. Rc2 Qf1+ 44. Qc1 Qf5 45. g7 Qh7 46. g8Q+ Qxg8 47. Rc8+ Kd7 48. Rxg8 b5 49. Rg7+ Ke6 50. Qc6+ Kf5 51. Rf7+ Kg5 52. Qg2+ Kh6 53. Rf3 1-0

[Event "URU-ch (Women)"]
[Site "Montevideo"]
[Date "2024.03.25"]
[Round "2"]
[White "Silva Rosas, Natalia"]
[Black "Altesor, Caterina"]
[Result "1-0"]
[WhiteElo "1828"]
[BlackElo "1711"]
[PlyCount "135"]
[EventDate "2024.03.24"]
[EventType "tourn"]
[EventRounds "7"]
[EventCountry "URU"]
[SourceTitle "CB14_2024"]
[SourceDate "2024.04.01"]
[SourceVersion "1"]
[SourceVersionDate "2024.04.01"]
[SourceQuality "1"]

1. e4 e5 2. Nf3 Nc6 3. Bc4 Bc5 4. b4 Bxb4 5. c3 Bc5 6. d4 Be7 7. Qb3 Na5 8. Bxf7+ Kf8 9. Qa4 Kxf7 10. Nxe5+ Ke8 11. Qxa5 Nf6 12. Nd2 b6 13. Qa4 Bb7 14. d5 Bd6 15. Ndf3 Qe7 16. Bf4 Rf8 17. 0-0 a6 18. Rfe1 Kd8 19. Nd3 Bxf4 20. Nxf4 Ng4 21. e5 Qc5 22. Nd3 Qxd5 23. Qxg4 Qxd3 24. e6 Kc8 25. Rad1 Bxf3 26. gxf3 Qg6 27. Qxg6 hxg6 28. Rxd7 Kb7 29. Rxg7 Rxf3 30. e7 Re8 31. Rd1 Kc8 32. c4 Rc3 33. Rd4 Ra3 34. Rf7 Rh3 35. Kg2 Rh5 36. f4 Rf5 37. Rg7 Rf6 38. Re4 Kd7 39. Kf3 g5 40. Rxg5 Rxe7 41. Rd5+ Ke8 42. Rxe7+ Kxe7 43. c5 b5 44. h4 c6 45. Rg5 Ke6 46. h5 a5 47. Ke4 b4 48. f5+ Ke7 49. Kd3 Rf8 50. h6 Rd8+ 51. Kc2 a4 52. Rg6 Rf8 53. h7 Kf7 54. Rxc6 Kg7 55. Rc7+ Kh8 56. Kd3 Rxf5 57. Kc4 Rf4+ 58. Kd5 Rf2 59. Rb7 Rxa2 60. Rxb4 Kxh7 61. c6 Rd2+ 62. Rd4 Ra2 63. c7 Rc2 64. Rc4 Rd2+ 65. Kc6 a3 66. c8Q a2 67. Rh4+ Kg6 68. Qe6+ 1-0

[Event "Punta del Este Alekhiine op 1st"]
[Site "Punta del Este"]
[Date "2024.03.10"]
[Round "4"]
[White "Silva Rosas, Natalia"]
[Black "Curi, Gabriel"]
[Result "0-1"]
[WhiteElo "1828"]
[BlackElo "2090"]
[PlyCount "46"]
[EventDate "2024.03.08"]
[EventType "swiss"]
[EventRounds "5"]
[EventCountry "URU"]
[SourceTitle "CB13_2024"]
[SourceDate "2024.03.27"]
[SourceVersion "1"]
[SourceVersionDate "2024.03.27"]
[SourceQuality "1"]

1. Nf3 d5 2. g3 g6 3. Bg2 Bg7 4. 0-0 e5 5. d3 Ne7 6. c3 0-0 7. Bd2 h6 8. e4 Be6 9. Qc1 Kh7 10. h3 Qd7 11. Kh2 Nbc6 12. Na3 f5 13. Qc2 Rad8 14. Rad1 a6 15. Bc1 Qe8 16. Rh1 Qf7 17. b3 dxe4 18. dxe4 fxe4 19. Qxe4 Bd5 20. Rxd5 Qxd5 21. Qg4 e4 22. Nd4 Rxf2 23. Be3 Ne5 0-1

[Event "Punta del Este Alekhiine op 1st"]
[Site "Punta del Este"]
[Date "2024.03.09"]
[Round "2"]
[White "Silva Rosas, Natalia"]
[Black "Carnebia, Aniel"]
[Result "1-0"]
[WhiteElo "1828"]
[BlackElo "1685"]
[PlyCount "87"]
[EventDate "2024.03.08"]
[EventType "swiss"]
[EventRounds "5"]
[EventCountry "URU"]
[SourceTitle "CB13_2024"]
[SourceDate "2024.03.27"]
[SourceVersion "1"]
[SourceVersionDate "2024.03.27"]
[SourceQuality "1"]

1. e4 d5 2. exd5 Qxd5 3. Nc3 Qe5+ 4. Qe2 Qxe2+ 5. Bxe2 c6 6. Nf3 Bf5 7. Nd4 Bg6 8. d3 e6 9. Bf3 Bc5 10. Nb3 Bb6 11. Na4 Nd7 12. Nxb6 axb6 13. g3 Ngf6 14. 0-0 0-0 15. Re1 Bh5 16. Bg2 Bg6 17. h3 Nd5 18. Bd2 Ra4 19. a3 Rfa8 20. f4 b5 21. Bf3 b4 22. Bxd5 bxa3 23. Bf3 axb2 24. Rxa4 Rxa4 25. Rb1 Ra2 26. Bc3 Nb6 27. Rxb2 Ra6 28. Rb1 h6 29. Nc5 Ra3 30. Bd4 Nd5 31. Rxb7 Ra2 32. Rb2 Ra1+ 33. Kf2 Rc1 34. Ne4 Ne7 35. g4 f5 36. Nc5 Bf7 37. c4 Kh7 38. Re2 Ng6 39. Kg3 Nf8 40. Bxc6 Rb1 41. Rb2 Rc1 42. Bf3 Re1 43. Rb7 Bg6 44. Rxg7+ 1-0

[Event "Florianopolis op 10th"]
[Site "Florianopolis"]
[Date "2024.01.25"]
[Round "7"]
[White "Silva Rosas, Natalia"]
[Black "Borgonovo, Fabiano"]
[Result "1-0"]
[WhiteElo "1754"]
[BlackElo "1466"]
[PlyCount "109"]
[EventDate "2024.01.20"]
[EventType "swiss"]
[EventRounds "10"]
[EventCountry "BRA"]
[SourceTitle "CB05_2024"]
[SourceDate "2024.01.31"]
[SourceVersion "1"]
[SourceVersionDate "2024.01.31"]
[SourceQuality "1"]

1. e4 e5 2. d4 Nf6 3. Bc4 Nc6 4. Bg5 Nxd4 5. c3 Ne6 6. Nf3 Bd6 7. Qb3 0-0 8. 0-0 Nc5 9. Qc2 c6 10. Nbd2 b5 11. Be2 a5 12. b4 Ne6 13. Qd3 Be7 14. Rfb1 axb4 15. cxb4 h6 16. Be3 Ng4 17. a3 Nxe3 18. fxe3 d6 19. Rd1 Qb6 20. Kh1 Bb7 21. Nf1 Rfd8 22. Ng3 Ng5 23. Nf5 Qc7 24. Rf1 Rab8 25. Rac1 c5 26. Nxg5 Bxg5 27. Bf3 c4 28. Qe2 g6 29. Ng3 Qb6 30. Rc3 Qc7 31. a4 Bc6 32. a5 Rf8 33. Qc2 h5 34. Ne2 Qa7 35. Qd2 Be7 36. Ng1 Rbd8 37. Qf2 f5 38. Qg3 g5 39. exf5 h4 40. Qg4 d5 41. Nh3 Bxb4 42. Rcc1 Qg7 43. a6 e4 44. Bd1 Bd2 45. Rc2 Bxe3 46. Re2 d4 47. Ra2 d3 48. a7 c3 49. Bb3+ Kh8 50. Ra6 Ba8 51. Qh5+ Qh7 52. Rh6 Rd7 53. f6 c2 54. f7 c1Q 55. Rxh7# 1-0

[Event "Florianopolis op 10th"]
[Site "Florianopolis"]
[Date "2024.01.24"]
[Round "6"]
[White "Colivet Gamboa, Julio Cesar"]
[Black "Silva Rosas, Natalia"]
[Result "1-0"]
[WhiteElo "1976"]
[BlackElo "1754"]
[PlyCount "47"]
[EventDate "2024.01.20"]
[EventType "swiss"]
[EventRounds "10"]
[EventCountry "BRA"]
[SourceTitle "CB05_2024"]
[SourceDate "2024.01.31"]
[SourceVersion "1"]
[SourceVersionDate "2024.01.31"]
[SourceQuality "1"]

1. e4 Nf6 2. e5 Nd5 3. d4 b5 4. Nf3 Bb7 5. Bxb5 c5 6. 0-0 e6 7. Bg5 Be7 8. Bxe7 Qxe7 9. c3 cxd4 10. cxd4 Qb4 11. Qb3 Nc6 12. Qxb4 Ndxb4 13. Nc3 a6 14. Ba4 Nd3 15. Rab1 Nf4 16. Ne4 0-0 17. Nc5 Rab8 18. Nxd7 Nxg2 19. Nxb8 Ne7 20. Kxg2 Rxb8 21. Rbc1 Nf5 22. Bc6 Bc8 23. Be4 Nh6 24. Rc7 1-0

[Event "Florianopolis op 10th"]
[Site "Florianopolis"]
[Date "2024.01.22"]
[Round "3"]
[White "Silva Rosas, Natalia"]
[Black "Curi, Gabriel"]
[Result "0-1"]
[WhiteElo "1754"]
[BlackElo "2069"]
[PlyCount "40"]
[EventDate "2024.01.20"]
[EventType "swiss"]
[EventRounds "10"]
[EventCountry "BRA"]
[SourceTitle "CB05_2024"]
[SourceDate "2024.01.31"]
[SourceVersion "1"]
[SourceVersionDate "2024.01.31"]
[SourceQuality "1"]

1. e4 e6 2. d3 d5 3. Nd2 Nf6 4. Ngf3 Nc6 5. g3 dxe4 6. dxe4 Bc5 7. h3 0-0 8. e5 Ne8 9. Qe2 f6 10. Nb3 Bb6 11. Be3 fxe5 12. Rd1 Qf6 13. Ng5 Nd6 14. Bg2 Nd4 15. Qd3 N4f5 16. Nxh7 Kxh7 17. g4 Bxe3 18. fxe3 Qh4+ 19. Kf1 Bd7 20. c4 e4 0-1

[Event "Titled Tuesday intern op 30th May Late"]
[Site "Chess.com INT"]
[Date "2023.05.30"]
[Round "5"]
[White "Silva Rosas, Natalia"]
[Black "Rodriguez Santiago, Jaime"]
[Result "1-0"]
[WhiteElo "1698"]
[BlackElo "2026"]
[PlyCount "115"]
[EventDate "2023.05.30"]
[EventType "swiss (blitz)"]
[EventRounds "11"]
[EventCountry "USA"]
[SourceTitle "CBM 214 Extra"]
[Source "ChessBase"]
[SourceDate "2023.07.31"]
[SourceVersion "1"]
[SourceVersionDate "2023.07.31"]
[SourceQuality "1"]

1. e4 c6 2. d3 d5 3. Nd2 dxe4 4. dxe4 e5 5. Ngf3 Bd6 6. g3 Bg4 7. h3 Bh5 8. Bg2 Nf6 9. 0-0 0-0 10. c3 Bc7 11. Re1 Qe7 12. Qe2 Nbd7 13. b4 a5 14. a3 b5 15. Nf1 Nb6 16. N1h2 Nc4 17. Bg5 h6 18. Bxf6 Qxf6 19. Ng4 Qe7 20. Nh4 Bb6 21. Nf5 Qa7 22. bxa5 Nxa5 23. Rf1 Bxg4 24. Qxg4 f6 25. Nxh6+ Kh7 26. Nf5 Rh8 27. Nh4 Kg8 28. Qe6+ Kh7 29. Qf5+ Kg8 30. Qe6+ Qf7 31. Qxf7+ Kxf7 32. Nf5 Nc4 33. h4 Rhd8 34. Rfd1 Rxd1+ 35. Rxd1 Rd8 36. Rxd8 Bxd8 37. Ne3 Be7 38. Nxc4 bxc4 39. a4 Ba3 40. Bf1 Bb2 41. Bxc4+ Ke7 42. a5 Bxc3 43. a6 Bd4 44. Kf1 Ba7 45. Ke2 Kd6 46. Kd3 Kc5 47. f4 Kb4 48. f5 Kc5 49. g4 Kd6 50. g5 Ke7 51. g6 Kd7 52. h5 Kc7 53. h6 gxh6 54. g7 h5 55. g8Q h4 56. Qh7+ Kb6 57. Qxh4 Kc5 58. Qe1 1-0

[Event "Titled Tuesday intern op 30th May Late"]
[Site "Chess.com INT"]
[Date "2023.05.30"]
[Round "10"]
[White "Silva Rosas, Natalia"]
[Black "Sarkar, Justin"]
[Result "0-1"]
[WhiteElo "1698"]
[BlackElo "2309"]
[PlyCount "48"]
[EventDate "2023.05.30"]
[EventType "swiss (blitz)"]
[EventRounds "11"]
[EventCountry "USA"]
[SourceTitle "CBM 214 Extra"]
[Source "ChessBase"]
[SourceDate "2023.07.31"]
[SourceVersion "1"]
[SourceVersionDate "2023.07.31"]
[SourceQuality "1"]

1. e4 c5 2. Nf3 d6 3. g3 Nf6 4. d3 g6 5. Bg2 Bg7 6. 0-0 0-0 7. c3 Nc6 8. Bg5 h6 9. Bd2 Qb6 10. Qc1 Kh7 11. Na3 Be6 12. h4 d5 13. e5 Ng4 14. Bf4 Ncxe5 15. Nxe5 Nxe5 16. Qc2 Rad8 17. Rad1 Bg4 18. Rd2 Nf3+ 19. Bxf3 Bxf3 20. c4 e5 21. Be3 d4 22. Bg5 hxg5 23. hxg5 Qe6 24. Kh2 Rh8 0-1

[Event "Titled Tuesday intern op 30th May Late"]
[Site "Chess.com INT"]
[Date "2023.05.30"]
[Round "7"]
[White "Smieszek, Wojciech"]
[Black "Silva Rosas, Natalia"]
[Result "1-0"]
[WhiteElo "2078"]
[BlackElo "1698"]
[PlyCount "69"]
[EventDate "2023.05.30"]
[EventType "swiss (blitz)"]
[EventRounds "11"]
[EventCountry "USA"]
[SourceTitle "CBM 214 Extra"]
[Source "ChessBase"]
[SourceDate "2023.07.31"]
[SourceVersion "1"]
[SourceVersionDate "2023.07.31"]
[SourceQuality "1"]

1. e4 c5 2. Nf3 e6 3. d4 cxd4 4. Nxd4 a6 5. Bd3 Qc7 6. Nc3 Nf6 7. Be3 Bb4 8. Qd2 Nc6 9. Nxc6 bxc6 10. 0-0 Bb7 11. Nd5 Nxd5 12. c3 Nxe3 13. Qxe3 Bd6 14. f4 Be7 15. Qg3 0-0 16. e5 g6 17. h4 Kh8 18. Be2 Qb6+ 19. Kh1 Qxb2 20. Bc4 Qa3 21. Rab1 Rab8 22. Qd3 c5 23. Rb3 Bxg2+ 24. Kxg2 Rxb3 25. Bxb3 Qb2+ 26. Rf2 Qa3 27. Qxd7 Bxh4 28. Rc2 c4 29. Bxc4 Qc5 30. Qd3 Qc6+ 31. Kh3 Be7 32. Bxa6 Qh1+ 33. Rh2 Qa8 34. Kg4 Qd8 35. Rd2 1-0

[Event "Titled Tuesday intern op 23rd May Early"]
[Site "Chess.com INT"]
[Date "2023.05.23"]
[Round "1"]
[White "Silva Rosas, Natalia"]
[Black "Hamley, Ryan"]
[Result "0-1"]
[WhiteElo "1698"]
[BlackElo "2092"]
[PlyCount "74"]
[EventDate "2023.05.23"]
[EventType "swiss (blitz)"]
[EventRounds "11"]
[EventCountry "USA"]
[SourceTitle "CBM 214 Extra"]
[Source "ChessBase"]
[SourceDate "2023.07.31"]
[SourceVersion "1"]
[SourceVersionDate "2023.07.31"]
[SourceQuality "1"]

1. e4 d6 2. d4 Nf6 3. Nc3 c6 4. Nf3 Qa5 5. Bd3 e5 6. dxe5 dxe5 7. Bd2 Qc7 8. 0-0 Be7 9. Re1 Nbd7 10. Bg5 h6 11. Be3 Nc5 12. Bxc5 Bxc5 13. a3 a5 14. h3 0-0 15. Ne2 Rd8 16. Ng3 Be6 17. Qe2 b5 18. Rad1 Re8 19. c3 Rab8 20. Nh4 b4 21. axb4 axb4 22. c4 b3 23. Nhf5 Qb6 24. Rf1 Red8 25. Nh5 Nxh5 26. Qxh5 Bf8 27. Kh1 g6 28. Nxh6+ Kh7 29. Qh4 Bxh6 30. g4 Kg7 31. g5 Rh8 32. gxh6+ Rxh6 33. Qg5 Rxh3+ 34. Kg2 Rh5 35. Qe7 Rb7 36. Qa3 Rg5+ 37. Kh2 Rb8 0-1

[Event "Titled Tuesday intern op 23rd May Early"]
[Site "Chess.com INT"]
[Date "2023.05.23"]
[Round "6"]
[White "Vila Dupla, Aurelio"]
[Black "Silva Rosas, Natalia"]
[Result "1/2-1/2"]
[WhiteElo "2030"]
[BlackElo "1698"]
[PlyCount "64"]
[EventDate "2023.05.23"]
[EventType "swiss (blitz)"]
[EventRounds "11"]
[EventCountry "USA"]
[SourceTitle "CBM 214 Extra"]
[Source "ChessBase"]
[SourceDate "2023.07.31"]
[SourceVersion "1"]
[SourceVersionDate "2023.07.31"]
[SourceQuality "1"]

1. Nf3 f5 2. c4 Nf6 3. g3 g6 4. Bg2 Bg7 5. 0-0 0-0 6. Nc3 d6 7. d4 c6 8. d5 c5 9. e4 fxe4 10. Ng5 Bg4 11. Qb3 b6 12. Ne6 Bxe6 13. dxe6 Qc8 14. Nxe4 Nxe4 15. Bxe4 Na6 16. Bxa8 Qxa8 17. Bg5 Qd8 18. Rfe1 Nc7 19. Rad1 h6 20. Bd2 Qc8 21. Qe3 Rf6 22. Qa3 Qb7 23. Bc3 Rf3 24. Re3 Rxe3 25. fxe3 Qf3 26. Bxg7 Qxd1+ 27. Kf2 Kxg7 28. Qxa7 Qd2+ 29. Kf1 Qd3+ 30. Kf2 Qd2+ 31. Kf1 Qd1+ 32. Kf2 Qd2+ 1/2-1/2

[Event "Titled Tuesday intern op 09th May Late"]
[Site "Chess.com INT"]
[Date "2023.05.09"]
[Round "9"]
[White "Fascetti, Angelo de Leon Cult"]
[Black "Silva Rosas, Natalia"]
[Result "1-0"]
[WhiteElo "2140"]
[BlackElo "1698"]
[PlyCount "105"]
[EventDate "2023.05.09"]
[EventType "swiss (blitz)"]
[EventRounds "11"]
[EventCountry "USA"]
[SourceTitle "CBM 214 Extra"]
[Source "ChessBase"]
[SourceDate "2023.07.31"]
[SourceVersion "1"]
[SourceVersionDate "2023.07.31"]
[SourceQuality "1"]

1. d4 g6 2. e4 Bg7 3. Nc3 d6 4. Be3 Nf6 5. Qd2 Ng4 6. Bg5 h6 7. Bh4 0-0 8. Nf3 Nc6 9. 0-0-0 a6 10. h3 Nf6 11. g4 e5 12. dxe5 dxe5 13. Qxd8 Rxd8 14. Rxd8+ Nxd8 15. Nxe5 g5 16. Bg3 Be6 17. Be2 b5 18. Bf3 c5 19. Rd1 Rc8 20. Nd5 Bxd5 21. exd5 c4 22. Nc6 Nxc6 23. dxc6 c3 24. c7 cxb2+ 25. Kb1 Ne8 26. Rd8 Rxc7 27. Rxe8+ Bf8 28. Bxc7 Kg7 29. Be5+ f6 30. Bxf6+ Kf7 31. Rxf8+ Kxf8 32. Bxb2 Kf7 33. Bb7 a5 34. Bd4 b4 35. Bb6 a4 36. Bc6 a3 37. Bc5 b3 38. cxb3 Kg6 39. b4 h5 40. b5 hxg4 41. hxg4 Kf6 42. b6 Ke5 43. b7 Kf4 44. b8Q+ Kxg4 45. Qg3+ Kf5 46. Bd7+ Kg6 47. Be3 Kf7 48. Qe5 Kf8 49. Bc5+ Kf7 50. Qe6+ Kg7 51. Bd4+ Kh7 52. Qf6 g4 53. Qg7# 1-0

[Event "Titled Tuesday intern op 09th May Late"]
[Site "Chess.com INT"]
[Date "2023.05.09"]
[Round "1"]
[White "Ronka, Erik"]
[Black "Silva Rosas, Natalia"]
[Result "1-0"]
[WhiteElo "2276"]
[BlackElo "1698"]
[PlyCount "43"]
[EventDate "2023.05.09"]
[EventType "swiss (blitz)"]
[EventRounds "11"]
[EventCountry "USA"]
[SourceTitle "CBM 214 Extra"]
[Source "ChessBase"]
[SourceDate "2023.07.31"]
[SourceVersion "1"]
[SourceVersionDate "2023.07.31"]
[SourceQuality "1"]

1. e4 c5 2. Nf3 e6 3. g3 Nc6 4. Bg2 d5 5. exd5 exd5 6. d4 cxd4 7. Nxd4 Nxd4 8. Qxd4 Be6 9. Nc3 a6 10. Nxd5 Rc8 11. 0-0 Rc5 12. c4 Bxd5 13. Bxd5 Rxd5 14. Qxd5 Qxd5 15. cxd5 Nf6 16. Rd1 Bd6 17. Bg5 Nd7 18. Re1+ Kf8 19. Rac1 g6 20. Bh6+ Kg8 21. Re8+ Nf8 22. Rcc8 1-0

[Event "Titled Tuesday intern op 09th May Late"]
[Site "Chess.com INT"]
[Date "2023.05.09"]
[Round "11"]
[White "Silva Rosas, Natalia"]
[Black "Dmitriev, Sergey"]
[Result "0-1"]
[WhiteElo "1698"]
[BlackElo "2312"]
[PlyCount "110"]
[EventDate "2023.05.09"]
[EventType "swiss (blitz)"]
[EventRounds "11"]
[EventCountry "USA"]
[SourceTitle "CBM 214 Extra"]
[Source "ChessBase"]
[SourceDate "2023.07.31"]
[SourceVersion "1"]
[SourceVersionDate "2023.07.31"]
[SourceQuality "1"]

1. e4 e5 2. Nf3 Nc6 3. d4 exd4 4. c3 d6 5. Bc4 Bg4 6. h3 Bxf3 7. Qxf3 Ne5 8. Qe2 Nxc4 9. Qxc4 dxc3 10. Nxc3 Nf6 11. Bg5 Be7 12. Bxf6 Bxf6 13. Nd5 0-0 14. 0-0 c6 15. Nxf6+ Qxf6 16. f4 Rfe8 17. e5 Qe6 18. Qxe6 Rxe6 19. exd6 Rxd6 20. Rf2 Rad8 21. Re1 Rd1 22. Rfe2 Rxe1+ 23. Rxe1 f6 24. Kf2 Rd2+ 25. Re2 Rxe2+ 26. Kxe2 Kf7 27. Kd3 Ke6 28. Ke4 f5+ 29. Kd4 Kd6 30. b4 b6 31. a4 c5+ 32. bxc5+ bxc5+ 33. Kc4 a6 34. g4 g6 35. Kd3 Kd5 36. g5 c4+ 37. Kc3 a5 38. h4 Kc5 39. Kc2 Kb4 40. Kb2 Kxa4 41. Kc3 Kb5 42. Kd4 a4 43. Ke5 a3 44. Kf6 a2 45. Kg7 a1Q+ 46. Kxh7 Qa6 47. Kh6 c3 48. h5 gxh5+ 49. Kxh5 c2 50. g6 c1Q 51. g7 Qh1+ 52. Kg5 Qhh6+ 53. Kxf5 Qhg6+ 54. Ke5 Qaf6+ 55. Kd5 Qgf5# 0-1

[Event "Titled Tuesday intern op 09th May Late"]
[Site "Chess.com INT"]
[Date "2023.05.09"]
[Round "5"]
[White "Silva Rosas, Natalia"]
[Black "Ingunza Curro, Andres"]
[Result "0-1"]
[WhiteElo "1698"]
[BlackElo "2354"]
[PlyCount "152"]
[EventDate "2023.05.09"]
[EventType "swiss (blitz)"]
[EventRounds "11"]
[EventCountry "USA"]
[SourceTitle "CBM 214 Extra"]
[Source "ChessBase"]
[SourceDate "2023.07.31"]
[SourceVersion "1"]
[SourceVersionDate "2023.07.31"]
[SourceQuality "1"]

1. e4 e5 2. d4 exd4 3. c3 d5 4. Qxd4 dxe4 5. Qxe4+ Be7 6. Bg5 h6 7. Bxe7 Qxe7 8. Qxe7+ Nxe7 9. Nf3 0-0 10. Bc4 Nbc6 11. 0-0 Ng6 12. Nbd2 Bf5 13. Nb3 Rad8 14. Nbd4 Nxd4 15. Nxd4 Bd7 16. a4 c5 17. Nf3 Bc6 18. Rfe1 Rfe8 19. Rxe8+ Rxe8 20. b4 Bxf3 21. gxf3 cxb4 22. cxb4 Rd8 23. Re1 Rd4 24. Re4 Rxe4 25. fxe4 Nf4 26. f3 Kf8 27. Kf2 Ke7 28. Ke3 g5 29. Bf1 Kd6 30. h4 f6 31. hxg5 fxg5 32. Kd4 Ne6+ 33. Ke3 h5 34. Be2 Ke5 35. Bc4 Nd4 36. Bf1 Nc2+ 37. Kf2 Nxb4 38. Kg3 Nc6 39. Bc4 b6 40. Bd5 Nd4 41. Kf2 Ne6 42. Kg3 Nf4 43. Bb7 Kd4 44. Kf2 h4 45. Bc8 Kc5 46. Bg4 Kb4 47. Bd7 a6 48. e5 Kc5 49. e6 Kd6 50. Bc8 a5 51. Ba6 Nxe6 52. Kg2 Nf4+ 53. Kh2 Kc5 54. Bb5 Kd4 55. Bd7 Ke3 56. Bg4 Kf2 57. Kh1 Kg3 58. Bh5 h3 59. Bg6 Nxg6 60. f4 Kf3 61. f5 Nf8 62. f6 g4 63. f7 Kf4 64. Kh2 Kf5 65. Kg3 Kf6 66. Kh2 Kxf7 67. Kh1 Ke6 68. Kh2 Kd5 69. Kh1 Kc4 70. Kh2 Kb4 71. Kg3 Kxa4 72. Kh4 h2 73. Kg5 h1Q 74. Kf6 Qc6+ 75. Ke7 Qe6+ 76. Kd8 Qd7# 0-1

[Event "URU-ch (Women) 45th"]
[Site "Montevideo"]
[Date "2023.03.19"]
[Round "4"]
[White "Fabra, Nahiara"]
[Black "Silva Rosas, Natalia"]
[Result "1-0"]
[WhiteElo "1718"]
[BlackElo "1720"]
[PlyCount "89"]
[EventDate "2023.03.17"]
[EventType "swiss"]
[EventRounds "5"]
[EventCountry "URU"]
[SourceTitle "CBM 213 Extra"]
[Source "ChessBase"]
[SourceDate "2023.05.31"]
[SourceVersion "1"]
[SourceVersionDate "2023.05.31"]
[SourceQuality "1"]

1. e4 b6 2. d4 Bb7 3. Bd3 g6 4. Nf3 Bg7 5. c3 e6 6. Qe2 Ne7 7. 0-0 d6 8. Nbd2 Nd7 9. Rd1 0-0 10. e5 d5 11. Nf1 c5 12. Bg5 h6 13. Bh4 a6 14. Ne3 c4 15. Bc2 h5 16. g4 hxg4 17. Nxg4 Qe8 18. Qd2 Kh7 19. Bf6 Rh8 20. Qg5 Nf5 21. Bxf5 exf5 22. Bxg7 Kxg7 23. Nf6 Qe6 24. Re1 Nxf6 25. exf6+ Qxf6 26. Re7 Bc8 27. Rae1 Be6 28. R1xe6 Qxg5+ 29. Nxg5 Rhf8 30. Rxb6 Rae8 31. Rxe8 Rxe8 32. Kf1 Re7 33. Nf3 a5 34. Rb5 a4 35. Ne5 f6 36. Nc6 Re4 37. Rxd5 Rh4 38. Rd7+ Kf8 39. Rd8+ Kf7 40. Rd7+ Kf8 41. Re7 Rxh2 42. Ke2 f4 43. d5 Rh5 44. d6 Rd5 45. d7 1-0

[Event "URU-ch (Women) 45th"]
[Site "Montevideo"]
[Date "2023.03.18"]
[Round "3"]
[White "Silva Rosas, Natalia"]
[Black "Quevedo, Andreina"]
[Result "1/2-1/2"]
[WhiteElo "1720"]
[BlackElo "1790"]
[PlyCount "66"]
[EventDate "2023.03.17"]
[EventType "swiss"]
[EventRounds "5"]
[EventCountry "URU"]
[SourceTitle "CBM 213 Extra"]
[Source "ChessBase"]
[SourceDate "2023.05.31"]
[SourceVersion "1"]
[SourceVersionDate "2023.05.31"]
[SourceQuality "1"]

1. e4 e5 2. Nf3 Nc6 3. Nc3 Nf6 4. Bc4 Bc5 5. 0-0 d6 6. d3 h6 7. Be3 Bxe3 8. fxe3 Na5 9. Bb3 Nxb3 10. axb3 0-0 11. Qe1 c6 12. Nh4 Qe7 13. Nf5 Bxf5 14. Rxf5 Kh7 15. Qh4 Ng8 16. Qf2 g6 17. Rf3 Kg7 18. Rf1 f6 19. Ne2 Rf7 20. Ng3 Raf8 21. d4 Qe6 22. c4 Ne7 23. d5 Qd7 24. Ne2 c5 25. Qh4 f5 26. Rh3 Ng8 27. Rhf3 fxe4 28. Qxe4 Rxf3 29. Rxf3 Rxf3 30. Qxf3 Qf5 31. Qxf5 gxf5 32. Ng3 Kg6 33. e4 Ne7 1/2-1/2

[Event "URU-ch (Women) 45th"]
[Site "Montevideo"]
[Date "2023.03.17"]
[Round "1"]
[White "Silva Rosas, Natalia"]
[Black "Lopez, Julieta"]
[Result "1-0"]
[WhiteElo "1720"]
[BlackElo "1217"]
[PlyCount "49"]
[EventDate "2023.03.17"]
[EventType "swiss"]
[EventRounds "5"]
[EventCountry "URU"]
[SourceTitle "CBM 213 Extra"]
[Source "ChessBase"]
[SourceDate "2023.05.31"]
[SourceVersion "1"]
[SourceVersionDate "2023.05.31"]
[SourceQuality "1"]

1. e4 e5 2. d4 exd4 3. c3 d5 4. Qxd4 Be6 5. e5 c5 6. Qd1 Nd7 7. Bb5 g6 8. Nf3 Bg7 9. 0-0 Ne7 10. Bg5 0-0 11. Re1 Nb6 12. Qc1 Qc7 13. Bf6 a6 14. Bd3 c4 15. Bc2 Nc6 16. Qg5 Nd7 17. Nbd2 Rfe8 18. Re3 h6 19. Qh4 b5 20. Rae1 Nc5 21. Nd4 Bd7 22. Bxg7 Kxg7 23. Qf6+ Kg8 24. Bxg6 Rf8 25. Rg3 1-0

[Event "Asuncion zt 2.5 (Women)"]
[Site "Asuncion"]
[Date "2023.03.06"]
[Round "2"]
[White "Silva Rosas, Natalia"]
[Black "Lugo Martinez, Jimena Sofia"]
[Result "1-0"]
[WhiteElo "1720"]
[BlackElo "1260"]
[PlyCount "79"]
[EventDate "2023.03.05"]
[EventType "swiss"]
[EventRounds "9"]
[EventCountry "PAR"]
[SourceTitle "CBM 213 Extra"]
[Source "ChessBase"]
[SourceDate "2023.05.31"]
[SourceVersion "1"]
[SourceVersionDate "2023.05.31"]
[SourceQuality "1"]

1. e4 e5 2. d4 exd4 3. c3 Nc6 4. Nf3 h6 5. Bc4 g6 6. 0-0 Bg7 7. cxd4 d6 8. Qb3 Qd7 9. Be3 Nf6 10. e5 dxe5 11. Nxe5 Nxe5 12. dxe5 Ng4 13. e6 fxe6 14. Bd3 Qf7 15. Qa4+ Kd8 16. Qxg4 Bxb2 17. Bxg6 Qg7 18. Rd1+ Bd7 19. Bd4 Bxd4 20. Qxd4 Qxd4 21. Rxd4 Rg8 22. Bf7 Rg7 23. Bxe6 Ke8 24. Bxd7+ Rxd7 25. Rxd7 Kxd7 26. Nc3 Re8 27. f3 c6 28. Ne4 Ke7 29. Rd1 Rd8 30. Rb1 b5 31. Kf2 Ke6 32. Rc1 Rc8 33. Rc5 a5 34. f4 a4 35. a3 Kd7 36. g4 Rb8 37. h4 b4 38. axb4 Rxb4 39. Ke3 Rb5 40. Kd4 1-0

[Event "Asuncion zt 2.5 (Women)"]
[Site "Asuncion"]
[Date "2023.03.05"]
[Round "1"]
[White "Francisco Guecamburu, Candela Be"]
[Black "Silva Rosas, Natalia"]
[Result "1-0"]
[WhiteElo "2209"]
[BlackElo "1720"]
[PlyCount "59"]
[EventDate "2023.03.05"]
[EventType "swiss"]
[EventRounds "9"]
[EventCountry "PAR"]
[SourceTitle "CBM 213 Extra"]
[Source "ChessBase"]
[SourceDate "2023.05.31"]
[SourceVersion "1"]
[SourceVersionDate "2023.05.31"]
[SourceQuality "1"]

1. e4 c5 2. Nf3 e6 3. g3 Nc6 4. Bg2 Qc7 5. 0-0 Nf6 6. Qe2 d6 7. c3 e5 8. Rd1 Bg4 9. Na3 Be7 10. Nc4 0-0 11. d3 Rad8 12. Bg5 h6 13. Bxf6 Bxf6 14. Ne3 Be6 15. Ne1 g6 16. f4 exf4 17. gxf4 Qc8 18. f5 Bd7 19. Nd5 Be5 20. Nf3 Kh7 21. Nxe5 dxe5 22. Rf1 Qb8 23. Bh3 Qd6 24. Kh1 gxf5 25. Bxf5+ Bxf5 26. Rxf5 f6 27. Raf1 Rf7 28. Rxf6 Rxf6 29. Rxf6 Qxf6 30. Nxf6+ 1-0